Top 30 : Michael Jackson - Statistiques

Statistiques générales
  • Ce quiz a été pris 463 fois
  • Le résultat moyen est 15 sur 30
Statistiques - réponses
Top Titres Featuring % Correct
1 Billie Jean
96%
4 Thriller
95%
2 Beat It
90%
14 Bad
85%
3 Smooth Criminal
83%
17 Black or White
64%
16 Dirty Diana
63%
5 Rock With You
61%
12 They Don't Care About Us
59%
24 Earth Song
58%
18 Heal the World
55%
13 Remember the Time
55%
23 You Rock My World
53%
10 P.Y.T. (Pretty Young Thing)
51%
27 Say Say Say Paul McCartney
49%
19 Human Nature
48%
26 The Girl Is Mine Paul McCartney
48%
8 Man in the Mirror
46%
7 The Way You Make Me Feel
46%
6 Don't Stop 'Til You Get Enough
43%
15 Love Never Felt So Good Justin Timberlake
40%
25 Love Never Felt So Good
40%
20 Wanna Be Startin' Somethin'
37%
11 Chicago
35%
29 Off the Wall
35%
22 You Are Not Alone
31%
30 Hold My Hand Akon
21%
9 Don’t Matter To Me Drake
18%
21 I Just Can't Stop Loving You
18%
28 Heaven Can Wait
15%
Aucun quiz correspondant
Distribution des résultats
% des personnes avec chaque résultat
Percentile par nombre de réponses
Votre historique - résultats
Vous n’avez pas pris ce quiz